Valtioita tienviittojen mukaan - Statistics

Yleistilastot
  • Tätä visaa on pelattu 1 188 kertaa
  • Keskiarvotulos 10 / 15
Vastaustilastot
Kuvavisa Vastaus % Oikein
Yhdysvallat
99%
Kiina
93%
Irlanti
92%
Kanada
92%
Yhdistynyt kuningaskunta
91%
Egypti
86%
Malta
69%
Etiopia
61%
Chile
56%
Marokko
56%
Brasilia
48%
Pakistan
40%
Bahrain
30%
Serbia
27%
Swazimaa
21%
Ehtoja vastaavia visoja ei löytynyt
Tulosjakauma
Jokaisen tuloksen saaneiden osuus
Persentiili vastausten määrän mukaan
Tuloshistoriasi
Et ole pelannut tätä visaa